[Event "SVK-chT1W 1920"]
[Site "Slovakia"]
[Date "2019.12.07"]
[Round "5.2"]
[White "Farkas, Gabor"]
[Black "Veselsky, Jozef"]
[Result "1-0"]
[WhiteElo "2363"]
[BlackElo "2146"]
[PlyCount "73"]
[EventDate "2019.10.12"]
[EventType "team-tourn"]
[EventRounds "11"]
[EventCountry "SVK"]
[SourceTitle "CBM 193 Extra"]
[Source "ChessBase"]
[SourceDate "2020.01.31"]
[SourceVersion "1"]
[SourceVersionDate "2020.01.31"]
[SourceQuality "1"]
[WhiteTeam "Gabcikovo MSK"]
[BlackTeam "Orechova Poton"]
[WhiteTeamCountry "SVK"]
[BlackTeamCountry "SVK"]

1. e4 c5 2. Nf3 Nc6 3. d4 cxd4 4. Nxd4 Nf6 5. Nc3 d6 6. Bg5 e6 7. Qd2 Be7 8. f3 Qb6 9. Nb3 a6 10. 0-0-0 0-0 11. h4 Qc7 12. h5 Ne8 13. Bxe7 Qxe7 14. f4 b5 15. g4 f6 16. h6 Bb7 17. hxg7 Rf7 18. Nd4 Nxd4 19. Qxd4 Rxg7 20. Rh4 f5 21. Rh6 fxg4 22. e5 dxe5 23. Qxe5 Nc7 24. Bd3 Rf8 25. Rg1 Rff7 26. Ne2 Bd5 27. Ng3 Qc5 28. Rf1 Qf8 29. Nh5 g3 30. Nxg7 Rxg7 31. Qd4 g2 32. Rg1 Qf7 33. b3 Ne8 34. Kb2 Nd6 35. Qe5 Qa7 36. Qxd6 Qxg1 37. Qd8+ 1-0

[Event "SVK-chT3A2 1819"]
[Site "Slovakia"]
[Date "2018.10.07"]
[Round "1.6"]
[White "Veselsky, Jozef"]
[Black "Hrubsa, Marian"]
[Result "1-0"]
[WhiteElo "2121"]
[BlackElo "1925"]
[PlyCount "87"]
[EventDate "2018.10.07"]
[EventType "team-tourn"]
[EventRounds "11"]
[EventCountry "SVK"]
[SourceTitle "EXT 2020"]
[Source "ChessBase"]
[SourceDate "2019.10.17"]
[SourceVersion "1"]
[SourceVersionDate "2019.10.17"]
[SourceQuality "1"]
[WhiteTeam "Potonska Veza II"]
[BlackTeam "Skalica II"]
[WhiteTeamCountry "SVK"]
[BlackTeamCountry "SVK"]

1. d4 f5 2. Bg5 Nf6 3. Bxf6 exf6 4. Nd2 d5 5. e3 Bd6 6. Bd3 c6 7. Ne2 Qc7 8. c4 Be6 9. Nc3 dxc4 10. Nxc4 Be7 11. 0-0 Nd7 12. Qf3 g6 13. d5 cxd5 14. Nxd5 Qc6 15. Nxe7 Qxf3 16. gxf3 Kxe7 17. Na5 Ne5 18. Be2 Bd5 19. f4 Nf3+ 20. Bxf3 Bxf3 21. Rac1 Rac8 22. Rfe1 Rhg8 23. Nb3 g5 24. Rxc8 Rxc8 25. Nd4 Bg4 26. f3 Bh3 27. Kf2 Rc5 28. Kg3 g4 29. e4 fxe4 30. fxg4 Bxg4 31. Kxg4 h5+ 32. Kh4 f5 33. Kg5 Kf7 34. Re2 Rd5 35. Nxf5 Rd8 36. Nh6+ Kg7 37. Rxe4 Rd2 38. Nf5+ Kf8 39. Rb4 b6 40. h4 Rd5 41. Rd4 Rc5 42. Kf6 Ke8 43. Rd6 Rc8 44. Ng3 1-0

[Event "SVK-chT3A2 1718"]
[Site "Slovakia"]
[Date "2018.03.25"]
[Round "11.2"]
[White "Sefcik, Marek"]
[Black "Veselsky, Jozef"]
[Result "1-0"]
[WhiteElo "1998"]
[BlackElo "2125"]
[PlyCount "89"]
[EventDate "2017.10.08"]
[EventType "team-tourn"]
[EventRounds "11"]
[EventCountry "SVK"]
[SourceTitle "EXT 2020"]
[Source "ChessBase"]
[SourceDate "2019.10.17"]
[SourceVersion "1"]
[SourceVersionDate "2019.10.17"]
[SourceQuality "1"]
[WhiteTeam "Holic"]
[BlackTeam "Potonska Veza II"]
[WhiteTeamCountry "SVK"]
[BlackTeamCountry "SVK"]

1. e4 c5 2. c4 Nc6 3. Ne2 g6 4. Nbc3 Bg7 5. d3 d6 6. g3 Nd4 7. Nxd4 cxd4 8. Ne2 Nh6 9. Bg2 0-0 10. 0-0 Ng4 11. h3 Nh6 12. Nxd4 Bxd4 13. Bxh6 Re8 14. Qd2 f5 15. Rae1 e5 16. exf5 Bxf5 17. Bxb7 Bxh3 18. Bd5+ Be6 19. Bxe6+ Rxe6 20. Be3 Bb6 21. b4 Bxe3 22. Qxe3 Qd7 23. b5 d5 24. a4 Rc8 25. c5 d4 26. Qc1 Qd5 27. c6 a6 28. Qb1 axb5 29. axb5 g5 30. Re4 Re7 31. Qb4 Rec7 32. Qc4 Qxc4 33. dxc4 Re7 34. Rfe1 d3 35. Rd1 Rd8 36. b6 Ree8 37. c7 Rc8 38. Rxd3 Kf7 39. Rd7+ Ke6 40. Rd5 Kf5 41. Rdxe5+ Rxe5 42. Rxe5+ Kxe5 43. b7 Rxc7 44. b8Q Kd6 45. Kg2 1-0

[Event "SVK-chT2A 1718"]
[Site "Slovakia"]
[Date "2018.03.17"]
[Round "10.5"]
[White "Arendas, Marek"]
[Black "Veselsky, Jozef"]
[Result "1/2-1/2"]
[WhiteElo "2106"]
[BlackElo "2122"]
[PlyCount "89"]
[EventDate "2017.10.28"]
[EventType "team-tourn"]
[EventRounds "11"]
[EventCountry "SVK"]
[SourceTitle "EXT 2020"]
[Source "ChessBase"]
[SourceDate "2019.10.17"]
[SourceVersion "1"]
[SourceVersionDate "2019.10.17"]
[SourceQuality "1"]
[WhiteTeam "Trnava Lokomotiva II"]
[BlackTeam "Potonska Veza"]
[WhiteTeamCountry "SVK"]
[BlackTeamCountry "SVK"]

1. e4 c5 2. Nf3 Nc6 3. d4 cxd4 4. Nxd4 Nf6 5. Nc3 d6 6. Be2 g6 7. Be3 Bg7 8. Qd2 0-0 9. Nxc6 bxc6 10. Bh6 Qb6 11. Bxg7 Kxg7 12. b3 Ba6 13. 0-0 Bxe2 14. Qxe2 Qb4 15. Qd3 Rad8 16. a3 Qb6 17. Na4 Qa5 18. Rfe1 e5 19. Rad1 d5 20. exd5 Rxd5 21. Qf1 Rfd8 22. Rxd5 Rxd5 23. Rd1 Ne4 24. Qe2 Qd8 25. Rxd5 Qxd5 26. Nb2 Qd4 27. Nd3 f6 28. Qe3 Qxe3 29. fxe3 Kf7 30. Nb4 c5 31. Nc6 a6 32. Nb8 Ke6 33. Nxa6 Kd6 34. Kf1 Kc6 35. b4 cxb4 36. Nxb4+ Kb5 37. Ke2 Ka4 38. Nd5 Kxa3 39. Kd3 f5 40. c4 Ka4 41. Kc2 Ka5 42. Kb3 Ka6 43. Kb4 Kb7 44. Kb5 Nd6+ 45. Kc5 1/2-1/2

[Event "SVK-ch Seniors 65"]
[Site "Tatranske Matliare"]
[Date "2017.05.30"]
[Round "5"]
[White "Jablonicky, Frantisek"]
[Black "Veselsky, Jozef"]
[Result "1/2-1/2"]
[WhiteElo "2053"]
[BlackElo "2080"]
[PlyCount "230"]
[EventDate "2017.05.27"]
[EventType "swiss"]
[EventRounds "9"]
[EventCountry "SVK"]
[SourceTitle "EXT 2023"]
[Source "ChessBase"]
[SourceDate "2022.10.05"]
[SourceVersion "1"]
[SourceVersionDate "2022.10.05"]
[SourceQuality "1"]

1. g3 c5 2. f4 Nc6 3. Nf3 g6 4. Bg2 Bg7 5. e4 d6 6. 0-0 Nf6 7. Nc3 0-0 8. h3 Nh5 9. Kh2 e5 10. d3 exf4 11. gxf4 Nd4 12. Nxd4 Bxd4 13. Ne2 Bg7 14. Ng3 Nxg3 15. Kxg3 f5 16. Kh2 Rb8 17. Qe1 Bd7 18. Rb1 Bc6 19. Rf2 Re8 20. Re2 fxe4 21. dxe4 Qf6 22. Bd2 Qf7 23. b3 b5 24. c3 Rb7 25. Qg3 Rbe7 26. Rbe1 c4 27. b4 Bf6 28. Re3 Re6 29. Qg4 Bd7 30. Qg3 Qe7 31. R1e2 Bh4 32. Qf3 Rf8 33. e5 Bg5 34. exd6 Qxd6 35. Rxe6 Bxe6 36. Qe4 Bf7 37. Qe5 Qxe5 38. fxe5 Bxd2 39. Rxd2 Re8 40. Re2 Re6 41. Kg3 Kf8 42. Kf4 Ra6 43. Ke4 Ra3 44. Kd4 Ke7 45. Bc6 Be8 46. Bd5 Ra6 47. h4 Rb6 48. a4 bxa4 49. Bxc4 Bb5 50. Ra2 a6 51. Bd5 Bd7 52. Be4 Rb8 53. Bc2 Rc8 54. c4 Rxc4+ 55. Kxc4 Be6+ 56. Kd4 Bxa2 57. Bxa4 Be6 58. Bc2 Bc8 59. Bd3 Ke6 60. Bf1 Ke7 61. Kc5 h6 62. Kd4 g5 63. hxg5 hxg5 64. Ke4 Kf7 65. Be2 Ke7 66. Bc4 Kd8 67. Kd5 Ke7 68. Ke4 Bb7+ 69. Ke3 Bc8 70. Kf3 Kd8 71. Bd3 Ke7 72. Ke4 Kf7 73. Be2 Ke7 74. Bh5 Bd7 75. Bg6 Bc8 76. Bf5 Be6 77. Bg6 Bc8 78. Bh5 Be6 79. Be2 Bc8 80. Ke3 Kf7 81. Kf2 Kg7 82. Kg3 Kf7 83. Bh5+ Ke7 84. Kf3 Kd8 85. Bg4 Bb7+ 86. Kg3 Kc7 87. Bf5 Kb6 88. Bd7 Kc7 89. Be8 Bc8 90. Bf7 Kc6 91. Bc4 Kc7 92. Kf3 Kd8 93. Ke4 Ke7 94. Be2 Kf7 95. Bh5+ Ke7 96. Bg6 Bd7 97. Bf5 Be6 98. Bh7 Bb3 99. Kd4 Be6 100. Bd3 Bc8 101. Ke4 Kf7 102. Bc4+ Ke7 103. Be2 Kf7 104. Kd5 Ke7 105. Bd3 Bb7+ 106. Kd4 g4 107. Bc4 g3 108. Ke3 g2 109. Kf2 Kd7 110. Kg1 Kc7 111. Bf7 Kb6 112. Bc4 Kc7 113. Be6 Kd8 114. Bg4 Ke7 115. Bh3 Kf7 1/2-1/2

[Event "SVK-chT3A2 1617"]
[Site "Slovakia"]
[Date "2016.11.27"]
[Round "4.5"]
[White "Sefcik, Marek"]
[Black "Veselsky, Jozef"]
[Result "0-1"]
[WhiteElo "2032"]
[BlackElo "2072"]
[PlyCount "122"]
[EventDate "2016.10.16"]
[EventType "team-tourn"]
[EventRounds "11"]
[EventCountry "SVK"]
[SourceTitle "EXT 2020"]
[Source "ChessBase"]
[SourceDate "2019.10.17"]
[SourceVersion "1"]
[SourceVersionDate "2019.10.17"]
[SourceQuality "1"]
[WhiteTeam "Holic"]
[BlackTeam "Potonska Veza II"]
[WhiteTeamCountry "SVK"]
[BlackTeamCountry "SVK"]

1. Nf3 d5 2. b3 Nf6 3. Bb2 g6 4. e3 Bg7 5. d4 0-0 6. Nbd2 Bf5 7. Ne5 Nbd7 8. Ndf3 Nxe5 9. Nxe5 Nd7 10. Nxd7 Qxd7 11. Bd3 c5 12. 0-0 Rfc8 13. c3 e5 14. Qd2 exd4 15. exd4 Bxd3 16. Qxd3 cxd4 17. cxd4 a6 18. Qd2 Rc6 19. Rac1 Rac8 20. Rc3 Qf5 21. Rfc1 Rxc3 22. Bxc3 Bf6 23. g3 h5 24. Kg2 h4 25. f3 h3+ 26. Kf2 Bg5 27. f4 Bf6 28. Re1 g5 29. Re3 gxf4 30. Rf3 Bg5 31. Qd3 Qe4 32. gxf4 Bh4+ 33. Kf1 Re8 34. Qxe4 Rxe4 35. Rxh3 Rxf4+ 36. Ke2 Bf6 37. Kd3 Bg7 38. a4 f5 39. Rg3 Kf7 40. h3 Bf6 41. b4 b5 42. a5 Rf1 43. Ke2 Rh1 44. Rf3 Rh2+ 45. Kd3 Kg6 46. Be1 Bg5 47. h4 Bxh4 48. Bxh4 Rxh4 49. Re3 Re4 50. Rg3+ Kf7 51. Rg5 Rf4 52. Rh5 Rf3+ 53. Kc2 Kg7 54. Rg5+ Kf6 55. Rg8 Re3 56. Rd8 f4 57. Rxd5 f3 58. Rd6+ Ke7 59. Rxa6 f2 60. Ra7+ Kf8 61. Ra8+ Re8 0-1

[Event "SVK-ch Seniors-B"]
[Site "Tatranske Matliare"]
[Date "2016.06.08"]
[Round "5"]
[White "Veselsky, Jozef"]
[Black "Marsina, Stefan"]
[Result "1-0"]
[WhiteElo "2061"]
[BlackElo "1999"]
[PlyCount "95"]
[EventDate "2016.06.05"]
[EventType "swiss"]
[EventRounds "9"]
[EventCountry "SVK"]
[SourceTitle "EXT 2023"]
[Source "ChessBase"]
[SourceDate "2022.10.05"]
[SourceVersion "1"]
[SourceVersionDate "2022.10.05"]
[SourceQuality "1"]

1. d4 Nf6 2. Nf3 g6 3. c4 Bg7 4. Nc3 d5 5. Bg5 Ne4 6. Bh4 Nxc3 7. bxc3 c5 8. e3 Nc6 9. Be2 cxd4 10. cxd4 0-0 11. 0-0 b6 12. Rc1 Bb7 13. Nd2 Na5 14. Bf3 Qd7 15. cxd5 Rfe8 16. Nb3 Bxd5 17. Nxa5 bxa5 18. Bxd5 Qxd5 19. Qa4 Qe4 20. Bg3 e5 21. Rc7 exd4 22. Qd7 Qe6 23. exd4 Qxd7 24. Rxd7 Red8 25. Rxd8+ Rxd8 26. Rc1 Bxd4 27. Kf1 h6 28. Ke2 Bb6 29. f3 f6 30. h3 Kf7 31. Rc6 Rd5 32. Be1 Re5+ 33. Kd1 Re6 34. Rc4 Ke7 35. Bd2 h5 36. Bc3 f5 37. Ra4 Rd6+ 38. Kc2 Rd5 39. Rc4 Kd7 40. g4 hxg4 41. fxg4 fxg4 42. Rxg4 g5 43. Bd2 Bd8 44. Be3 a6 45. Kc3 Kc6 46. Kc4 Bf6 47. a4 Rb5 48. axb5+ 1-0

[Event "SVK-ch Seniors-B"]
[Site "Tatranske Matliare"]
[Date "2016.06.07"]
[Round "4"]
[White "Franzen, Jozef"]
[Black "Veselsky, Jozef"]
[Result "1-0"]
[WhiteElo "2280"]
[BlackElo "2061"]
[PlyCount "77"]
[EventDate "2016.06.05"]
[EventType "swiss"]
[EventRounds "9"]
[EventCountry "SVK"]
[SourceTitle "EXT 2023"]
[Source "ChessBase"]
[SourceDate "2022.10.05"]
[SourceVersion "1"]
[SourceVersionDate "2022.10.05"]
[SourceQuality "1"]

1. Nf3 Nf6 2. g3 g6 3. Bg2 Bg7 4. 0-0 0-0 5. c4 c6 6. d4 d6 7. Nc3 Qc7 8. e4 Nbd7 9. h3 e5 10. Be3 Re8 11. d5 c5 12. a3 a6 13. Qd3 Nf8 14. Nd2 Bd7 15. b4 b6 16. Rab1 Reb8 17. f4 Nh5 18. Kh2 exf4 19. gxf4 Qd8 20. Nf3 Qf6 21. Ne2 Re8 22. Bd2 Qe7 23. bxc5 bxc5 24. Nc3 Bh6 25. Ng1 f5 26. e5 dxe5 27. d6 Qh4 28. Bxa8 Rxa8 29. Qd5+ Be6 30. Qxa8 Bxc4 31. d7 Bxf1 32. Qd5+ Kh8 33. Rxf1 Qg3+ 34. Kh1 Nf6 35. d8Q Nxd5 36. Qxd5 e4 37. Nce2 Qxa3 38. Bc3+ Bg7 39. Qf7 1-0